[Event "WchT Blitz Final"]
[Site "London"]
[Date "2025.06.15"]
[Round "2.1"]
[White "Grischuk, Alexander"]
[Black "Anand, Viswanathan"]
[Result "1/2-1/2"]
[WhiteElo "2667"]
[BlackElo "2743"]
[PlyCount "57"]
[EventDate "2025.06.15"]
[EventType "team-k.o. (blitz)"]
[EventRounds "4"]
[EventCountry "ENG"]
[SourceTitle "CB25_2025"]
[SourceDate "2025.06.18"]
[SourceVersion "1"]
[SourceVersionDate "2025.06.18"]
[SourceQuality "1"]
[WhiteTeam "KazChess"]
[BlackTeam "Freedom"]
[WhiteTeamCountry "KAZ"]
[BlackTeamCountry "IND"]

1. e4 e5 2. Nf3 Nc6 3. Bb5 a6 4. Ba4 Nf6 5. d3 b5 6. Bb3 Bc5 7. c3 d6 8. Bg5 Rb8 9. Nbd2 h6 10. Bh4 Bb6 11. a4 0-0 12. 0-0 Qe7 13. Re1 Be6 14. Bd5 Bd7 15. Bxc6 Bxc6 16. axb5 axb5 17. d4 Kh8 18. h3 Bb7 19. Qe2 b4 20. dxe5 dxe5 21. Nc4 bxc3 22. bxc3 Qe6 23. Bxf6 Qxf6 24. Nfxe5 Rbd8 25. Nxb6 cxb6 26. Nc4 Qxc3 27. Nxb6 Rfe8 28. Na4 Qd4 29. Qe3 1/2-1/2

[Event "London WR Masters"]
[Site "London"]
[Date "2024.10.15"]
[Round "2.3"]
[White "Praggnanandhaa, Rameshbabu"]
[Black "Anand, Viswanathan"]
[Result "1-0"]
[WhiteElo "2746"]
[BlackElo "2751"]
[PlyCount "51"]
[EventDate "2024.10.14"]
[EventType "k.o."]
[EventRounds "4"]
[EventCountry "ENG"]
[SourceTitle "CB43_2024"]
[Source "Chessbase"]
[SourceDate "2024.10.23"]
[SourceVersion "1"]
[SourceVersionDate "2024.10.23"]
[SourceQuality "1"]

1. e4 e5 2. Nf3 Nc6 3. d4 exd4 4. Nxd4 Qf6 5. Ne2 Bc5 6. Nf4 d6 7. Nc3 Nge7 8. Be2 Bb4 9. 0-0 Bxc3 10. bxc3 0-0 11. Rb1 Qe5 12. Bd3 a6 13. c4 f5 14. exf5 Qf6 15. g4 g6 16. Nd5 Nxd5 17. cxd5 Ne5 18. f4 Nxd3 19. Qxd3 gxf5 20. g5 Qg6 21. Bb2 Bd7 22. Qc3 c5 23. Rf3 h5 24. Rh3 Kf7 25. Rxh5 Rg8 26. Kf2 1-0

[Event "London WR Masters"]
[Site "London"]
[Date "2024.10.14"]
[Round "1.1"]
[White "Anand, Viswanathan"]
[Black "Royal, Shreyas"]
[Result "1/2-1/2"]
[WhiteElo "2751"]
[BlackElo "2519"]
[PlyCount "106"]
[EventDate "2024.10.14"]
[EventType "k.o."]
[EventRounds "4"]
[EventCountry "ENG"]
[SourceTitle "CB43_2024"]
[Source "Chessbase"]
[SourceDate "2024.10.23"]
[SourceVersion "1"]
[SourceVersionDate "2024.10.23"]
[SourceQuality "1"]

1. e4 e5 2. Nf3 Nc6 3. Bb5 a6 4. Ba4 Nf6 5. 0-0 Nxe4 6. d4 Be7 7. Qe2 b5 8. Bb3 d5 9. dxe5 Nc5 10. Rd1 Nxb3 11. cxb3 Bf5 12. Be3 0-0 13. Nc3 Be6 14. Qd2 d4 15. Bxd4 Bg4 16. Qf4 Bxf3 17. gxf3 Qd7 18. Qe4 Nxd4 19. Rxd4 Qe6 20. Rad1 f6 21. exf6 Qxf6 22. Nd5 Qg5+ 23. Qg4 Qxg4+ 24. fxg4 Bd6 25. Kg2 Rae8 26. R4d2 h5 27. h3 Re4 28. f3 Re6 29. Rc2 hxg4 30. fxg4 c6 31. Nc3 Rfe8 32. Rdd2 Bb4 33. a3 Bxc3 34. Rxc3 b4 35. axb4 Re4 36. Rxc6 Rxb4 37. Rc3 Rbe4 38. Kf3 Re1 39. Rd6 R1e2 40. Rxa6 Rxb2 41. Rb6 Re1 42. Kf4 Rh1 43. Kg5 Kh7 44. Rc7 Rxh3 45. b4 Rd3 46. Rh6+ Kg8 47. Rg6 Rd5+ 48. Kh4 Rxb4 49. Rcxg7+ Kh8 50. Ra7 Rb1 51. Rh6+ Kg8 52. Rc6 Rh1+ 53. Kg3 Rd8 1/2-1/2

[Event "London TechM GCL"]
[Site "London"]
[Date "2024.10.09"]
[Round "8.2"]
[White "Anand, Viswanathan"]
[Black "Firouzja, Alireza"]
[Result "0-1"]
[WhiteElo "2751"]
[BlackElo "2767"]
[PlyCount "60"]
[EventDate "2024.10.03"]
[EventType "team-tourn (rapid)"]
[EventRounds "10"]
[EventCountry "ENG"]
[SourceTitle "CB42_2024"]
[Source "ChessBase"]
[SourceDate "2024.10.16"]
[SourceVersion "1"]
[SourceVersionDate "2024.10.16"]
[SourceQuality "1"]
[WhiteTeam "Ganges Grandmasters"]
[BlackTeam "Triveni Continental Kings"]
[WhiteTeamCountry "IND"]
[BlackTeamCountry "ENG"]

1. e4 c6 2. d4 d6 3. Nc3 Qc7 4. f4 e5 5. Nf3 Nd7 6. Bd3 Ngf6 7. 0-0 Be7 8. Kh1 0-0 9. Qe1 exd4 10. Nxd4 Re8 11. Qg3 Bf8 12. Bd2 g6 13. Nf3 Bg7 14. Rae1 b5 15. a3 a5 16. Qh4 b4 17. axb4 axb4 18. Nd1 Ba6 19. Bxa6 Rxa6 20. e5 dxe5 21. fxe5 Nxe5 22. Nxe5 Rxe5 23. Rxe5 Qxe5 24. Qxb4 Ra1 25. Re1 Qh5 26. Nf2 Rxe1+ 27. Bxe1 Qe2 28. Nh3 Bf8 29. Qd2 Qf1+ 30. Ng1 Bc5 0-1

[Event "Quenza Rapid op 13th"]
[Site "Quenza"]
[Date "2024.07.07"]
[Round "3"]
[White "Anand, Viswanathan"]
[Black "Unuk, Laura"]
[Result "1-0"]
[WhiteElo "2751"]
[BlackElo "2324"]
[PlyCount "121"]
[EventDate "2024.07.07"]
[EventType "swiss (rapid)"]
[EventRounds "9"]
[EventCountry "FRA"]
[SourceTitle "CBM 221 Extra"]
[Source "ChessBase"]
[SourceDate "2024.09.30"]
[SourceVersion "1"]
[SourceVersionDate "2024.09.30"]
[SourceQuality "1"]

1. e4 e5 2. Nf3 Nc6 3. Bc4 Nf6 4. d3 d5 5. exd5 Nxd5 6. 0-0 Nb6 7. Bb5 Bd6 8. Bxc6+ bxc6 9. Re1 f6 10. d4 0-0 11. dxe5 Bxe5 12. Qxd8 Rxd8 13. Nxe5 fxe5 14. Nd2 Bf5 15. c3 e4 16. Nb3 Bg6 17. Na5 c5 18. c4 Rd4 19. b3 Nc8 20. Nb7 Rd7 21. Nxc5 Re7 22. Na6 Nd6 23. Bg5 Rf7 24. Rad1 h6 25. Nxc7 Rxc7 26. Rxd6 Bf5 27. Be3 a6 28. h3 Rd7 29. Red1 Rad8 30. Rxd7 Rxd7 31. Rc1 Kf7 32. b4 Be6 33. a4 Rc7 34. c5 Bd7 35. Rc4 Bxa4 36. Rxe4 Bb5 37. Bf4 Rd7 38. Bd6 g6 39. g4 h5 40. Kh2 hxg4 41. hxg4 Ra7 42. Kg3 Bc6 43. Rf4+ Ke6 44. Kh4 a5 45. bxa5 Rxa5 46. Kg5 Be8 47. Re4+ Kd7 48. Re7+ Kd8 49. f4 Ra2 50. Rb7 Bd7 51. Rb8+ Bc8 52. c6 Rc2 53. c7+ Kd7 54. Be5 Rc6 55. Kh6 Re6 56. g5 Ra6 57. Kg7 Re6 58. Ra8 Rc6 59. Kf7 Rb6 60. Ra1 Rc6 61. Rd1+ 1-0

[Event "Quenza Rapid op 13th"]
[Site "Quenza"]
[Date "2024.07.07"]
[Round "6"]
[White "Lagarde, Maxime"]
[Black "Anand, Viswanathan"]
[Result "0-1"]
[WhiteElo "2608"]
[BlackElo "2751"]
[PlyCount "32"]
[EventDate "2024.07.07"]
[EventType "swiss (rapid)"]
[EventRounds "9"]
[EventCountry "FRA"]
[SourceTitle "CBM 221 Extra"]
[Source "ChessBase"]
[SourceDate "2024.09.30"]
[SourceVersion "1"]
[SourceVersionDate "2024.09.30"]
[SourceQuality "1"]

1. e4 e5 2. Nc3 Nf6 3. f4 d5 4. fxe5 Nxe4 5. Qf3 Nxc3 6. dxc3 Be7 7. Bf4 c6 8. Bd3 0-0 9. 0-0-0 Nd7 10. Qh5 g6 11. Qh6 Nxe5 12. Be2 Re8 13. Bd2 Bf5 14. h4 Qa5 15. Kb1 Qa4 16. b3 Bxc2+ 0-1

[Event "Quenza Rapid op 13th"]
[Site "Quenza"]
[Date "2024.07.07"]
[Round "8"]
[White "Maurizzi, Marc Andria"]
[Black "Anand, Viswanathan"]
[Result "0-1"]
[WhiteElo "2620"]
[BlackElo "2751"]
[PlyCount "156"]
[EventDate "2024.07.07"]
[EventType "swiss (rapid)"]
[EventRounds "9"]
[EventCountry "FRA"]
[SourceTitle "CBM 221 Extra"]
[Source "ChessBase"]
[SourceDate "2024.09.30"]
[SourceVersion "1"]
[SourceVersionDate "2024.09.30"]
[SourceQuality "1"]

1. e4 e5 2. Nf3 Nc6 3. Bb5 a6 4. Ba4 Nf6 5. Nc3 Bc5 6. Bxc6 dxc6 7. d3 Qe7 8. Be3 Bxe3 9. fxe3 Bd7 10. 0-0 0-0 11. Qe1 Rae8 12. a4 Ng4 13. h3 Nh6 14. a5 f6 15. Ne2 f5 16. Nc3 f4 17. exf4 exf4 18. d4 g5 19. e5 g4 20. hxg4 Nxg4 21. Qh4 Qxh4 22. Nxh4 c5 23. dxc5 Rxe5 24. Nf3 Rxc5 25. Rae1 Ne3 26. Rf2 Rxa5 27. Rd2 Bg4 28. Nh2 Bf5 29. Nf1 Nxf1 30. Kxf1 Rc5 31. Kf2 Rf7 32. Ree2 Kg7 33. Kf3 Bg6 34. Kf2 a5 35. Na4 Rc6 36. Nc3 Rc5 37. Na4 Rcf5 38. Nc3 f3 39. gxf3 Rxf3+ 40. Kg2 R3f5 41. Re3 Rg5+ 42. Rg3 Rxg3+ 43. Kxg3 b6 44. Nb5 Re7 45. c3 Be8 46. Nd4 Bd7 47. Nf3 Kf6 48. Nd4 c5 49. Rf2+ Ke5 50. Nf3+ Kd5 51. Rd2+ Kc6 52. Kf4 Kb5 53. c4+ Kc6 54. Ne5+ Kc7 55. Rh2 Be6 56. b3 Bd7 57. Rh6 Be8 58. Rh2 Bg6 59. Rd2 Re6 60. Ng4 Rd6 61. Re2 Rd3 62. Rb2 Rd4+ 63. Kg5 a4 64. bxa4 Rxc4 65. Nf6 Kc6 66. Ng8 Rxa4 67. Ne7+ Kb7 68. Nd5 Ra6 69. Kf6 b5+ 70. Ke5 b4 71. Rd2 Kc6 72. Rf2 Ra1 73. Rf6+ Kb5 74. Rb6+ Kc4 75. Nf6 Rd1 76. Ng4 Rd5+ 77. Kf4 Rd4+ 78. Kg3 Rxg4+ 0-1

[Event "Leon 37th"]
[Site "Leon"]
[Date "2024.06.30"]
[Round "2"]
[White "Santos Latasa, Jaime"]
[Black "Anand, Viswanathan"]
[Result "1/2-1/2"]
[WhiteElo "2626"]
[BlackElo "2751"]
[PlyCount "100"]
[EventDate "2024.06.28"]
[EventType "k.o. (rapid)"]
[EventRounds "2"]
[EventCountry "ESP"]
[SourceTitle "CBM 220 Extra"]
[Source "ChessBase"]
[SourceDate "2024.07.31"]
[SourceVersion "1"]
[SourceVersionDate "2024.07.31"]
[SourceQuality "1"]

1. e4 e5 2. Nf3 Nc6 3. Bc4 Bc5 4. d3 Nf6 5. 0-0 0-0 6. h3 d6 7. c3 a6 8. a4 h6 9. Re1 Re8 10. Nbd2 Ba7 11. b4 Be6 12. Bxe6 Rxe6 13. Bb2 Re8 14. Nf1 Qd7 15. Ng3 Ne7 16. Qc2 b5 17. c4 bxc4 18. Qxc4 Reb8 19. Bc3 c5 20. bxc5 Rc8 21. d4 exd4 22. Bxd4 Bxc5 23. Qd3 Bxd4 24. Nxd4 Ne8 25. Ndf5 Nxf5 26. Nxf5 Qe6 27. Rad1 a5 28. Qg3 Ra6 29. Rd4 Kh8 30. Red1 Rac6 31. Qd3 Rc4 32. Ne3 Rxd4 33. Qxd4 Qb3 34. Kh2 Qe6 35. f3 Kh7 36. Qd5 Rc5 37. Qd4 g6 38. Rd3 h5 39. Rc3 Qc8 40. Nd5 Rxc3 41. Nxc3 h4 42. Nb5 Qd8 43. e5 d5 44. Nc3 Nc7 45. Ne4 Ne6 46. Qxd5 Qxd5 47. Nf6+ Kh6 48. Nxd5 Nc5 49. Nb6 Kg5 50. Nc4 Nxa4 1/2-1/2

[Event "Casablanca"]
[Site "Casablanca"]
[Date "2024.05.19"]
[Round "5"]
[White "Nakamura, Hikaru"]
[Black "Anand, Viswanathan"]
[Result "1/2-1/2"]
[WhiteElo "2795"]
[BlackElo "2751"]
[PlyCount "110"]
[EventDate "2024.05.18"]
[EventType "tourn (rapid)"]
[EventRounds "6"]
[EventCountry "MAR"]
[EventCategory "21"]
[SourceTitle "CBM 220 Extra"]
[Source "ChessBase"]
[SourceDate "2024.07.31"]
[SourceVersion "1"]
[SourceVersionDate "2024.07.31"]
[SourceQuality "1"]

1. c4 e6 2. Nf3 Nf6 3. g3 d5 4. b3 Be7 5. Bg2 0-0 6. 0-0 b6 7. Bb2 Bb7 8. e3 Nbd7 9. Qe2 c5 10. Rd1 Qc7 11. Nc3 Rad8 12. Rac1 Qb8 13. Nh4 dxc4 14. bxc4 Bxg2 15. Nxg2 a6 16. f4 Qb7 17. a4 Ne4 18. Nb1 Nd6 19. d3 b5 20. axb5 axb5 21. cxb5 Qxb5 22. Ne1 Rb8 23. Rc2 Rfc8 24. Nd2 Bf6 25. Bxf6 Nxf6 26. e4 Nd7 27. Rdc1 Qa6 28. Nef3 h6 29. g4 Rd8 30. h4 Nb5 31. Nc4 Nf8 32. Ra2 Qb7 33. g5 hxg5 34. hxg5 Ng6 35. Nfe5 Nd4 36. Qe3 Nxe5 37. Nxe5 Nc6 38. Ng4 c4 39. dxc4 Qb3 40. Qxb3 Rxb3 41. c5 Nb4 42. Rg2 Nd3 43. Rd1 Rc8 44. Rg3 Nxc5 45. Rxb3 Nxb3 46. Kf2 Rc2+ 47. Ke3 Rc3+ 48. Rd3 Rxd3+ 49. Kxd3 Kf8 50. f5 exf5 51. exf5 Ke7 52. f6+ gxf6 53. gxf6+ Ke6 54. Nh6 Kxf6 55. Nxf7 Kxf7 1/2-1/2

[Event "Casablanca"]
[Site "Casablanca"]
[Date "2024.05.18"]
[Round "3"]
[White "Amin, Bassem"]
[Black "Anand, Viswanathan"]
[Result "1/2-1/2"]
[WhiteElo "2683"]
[BlackElo "2751"]
[PlyCount "34"]
[EventDate "2024.05.18"]
[EventType "tourn (rapid)"]
[EventRounds "6"]
[EventCountry "MAR"]
[EventCategory "21"]
[SourceTitle "CBM 220 Extra"]
[Source "ChessBase"]
[SourceDate "2024.07.31"]
[SourceVersion "1"]
[SourceVersionDate "2024.07.31"]
[SourceQuality "1"]

1. e4 c5 2. Nf3 e6 3. d4 cxd4 4. Nxd4 Nc6 5. Nc3 d6 6. g4 h6 7. h4 a6 8. Bg2 Be7 9. Be3 Nxd4 10. Qxd4 e5 11. Qd1 Be6 12. Nd5 Rc8 13. c3 Bxh4 14. Bb6 Qg5 15. Be3 Qd8 16. Bb6 Qg5 17. Be3 Qd8 1/2-1/2

[Event "Casablanca"]
[Site "Casablanca"]
[Date "2024.05.18"]
[Round "1"]
[White "Carlsen, Magnus"]
[Black "Anand, Viswanathan"]
[Result "1-0"]
[WhiteElo "2830"]
[BlackElo "2751"]
[PlyCount "39"]
[EventDate "2024.05.18"]
[EventType "tourn (rapid)"]
[EventRounds "6"]
[EventCountry "MAR"]
[EventCategory "21"]
[SourceTitle "CBM 220 Extra"]
[Source "ChessBase"]
[SourceDate "2024.07.31"]
[SourceVersion "1"]
[SourceVersionDate "2024.07.31"]
[SourceQuality "1"]

1. e4 e5 2. Nf3 Nc6 3. Bc4 Bc5 4. b4 Bxb4 5. c3 Ba5 6. 0-0 Qf6 7. d4 Nge7 8. Bg5 Qd6 9. Qb3 0-0 10. Rd1 Bb6 11. Na3 Na5 12. Qa4 Nec6 13. dxe5 Qc5 14. Rd5 Qxf2+ 15. Kh1 Qb2 16. Rb1 Qxa3 17. Qxa3 Nxc4 18. Qa4 Ne3 19. Rxb6 Nxd5 20. Rxc6 1-0